000 00384nam a22001457a 4500
005 20200607123933.0
008 200607b xxu||||| |||| 00| 0 eng d
082 _a345.4
110 _aALL INDIA REPORTER
_95837
245 _aALL INDIA REPORTER, 2008 (V-95) NOTES OF CASES
260 _aMUMBAI
_bALL INDIA REPORTER, PVT, LTD.
300 _a179;p
650 _aLAW
_95701
942 _cJRL
999 _c6905
_d6903